[Event "44. Torneo Villa de Mislata - A"]
[Site "Mislata ESP"]
[Date "2010.08.20"]
[Round "7.9"]
[White "Calvo Alfonso, Vicente"]
[Black "Urios Hernandez, Ramon"]
[Result "1-0"]
[WhiteElo "2208"]
[BlackElo "2071"]
[PlyCount "93"]
[EventDate "2010.08.16"]
[EventType "swiss"]
[EventRounds "9"]
[EventCountry "ESP"]
[Source "lmi"]
[SourceDate "2010.08.16"]

1. d4 Nf6 2. Nf3 c5 3. d5 b5 4. Bg5 Ne4 5. Bf4 d6 6. e3 Qa5+ 7. Nbd2 Nxd2 8.
Qxd2 Qxd2+ 9. Nxd2 a6 10. a4 b4 11. Nc4 Nd7 12. e4 f6 13. Be2 h5 14. h4 a5 15.
O-O Ba6 16. Rfe1 Bxc4 17. Bxc4 Nb6 18. Bb5+ Kd8 19. c3 g6 20. cxb4 axb4 21. a5
Nc8 22. Bg3 Bh6 23. f4 Rg8 24. e5 f5 25. a6 Ra7 26. Bc6 Rc7 27. exd6 exd6 28.
Re6 Re7 29. Rxe7 Kxe7 30. a7 Nb6 31. a8=Q Nxa8 32. Ra7+ Kf6 33. Rxa8 Rxa8 34.
Bxa8 Ke7 35. Bc6 Bg7 36. b3 Bf6 37. Kf1 Kd8 38. Ke2 Be7 39. Kd3 Bf6 40. Bf2 Be7
41. Kc4 Bf6 42. Kb5 Be7 43. Kb6 Bf6 44. Bb5 Ke7 45. Kc7 Bc3 46. Bxc5 dxc5 47.
d6+ 1-0

[Event "44. Torneo Villa de Mislata - A"]
[Site "Mislata ESP"]
[Date "2010.08.20"]
[Round "7.10"]
[White "Aranda Flores, Jordi"]
[Black "Ballester Llagaria, Luis Eduard"]
[Result "0-1"]
[WhiteElo "2140"]
[BlackElo "2056"]
[PlyCount "50"]
[EventDate "2010.08.16"]
[EventType "swiss"]
[EventRounds "9"]
[EventCountry "ESP"]
[Source "lmi"]
[SourceDate "2010.08.16"]

1. d4 d5 2. c4 dxc4 3. e3 Nf6 4. Bxc4 e6 5. Nf3 a6 6. O-O c5 7. Bb3 Nc6 8. Qe2
cxd4 9. Rd1 Be7 10. exd4 Na5 11. Bc2 b5 12. Nc3 Bb7 13. Bg5 Nd5 14. Ne4 Nc4 15.
Bc1 Qc7 16. Nc5 Bxc5 17. dxc5 Qxc5 18. Ng5 Nf6 19. b3 Qe5 20. Qd3 Nb6 21. Be3
Nbd5 22. Bd2 Rd8 23. Ba5 Qxg5 24. Bxd8 Nf4 25. Qf1 Bxg2 0-1

[Event "44. Torneo Villa de Mislata - A"]
[Site "Mislata ESP"]
[Date "2010.08.21"]
[Round "8.1"]
[White "Castella Garcia, Fausto"]
[Black "Chueca Forcen, Alberto"]
[Result "1-0"]
[WhiteElo "2334"]
[BlackElo "2280"]
[PlyCount "141"]
[EventDate "2010.08.16"]
[EventType "swiss"]
[EventRounds "9"]
[EventCountry "ESP"]
[Source "lmi"]
[SourceDate "2010.08.16"]

1. e4 e5 2. Nf3 Nc6 3. Bc4 Bc5 4. c3 Bb6 5. d3 Nf6 6. h3 d6 7. Bb3 Be6 8. Bc2
h6 9. Nbd2 Ne7 10. Nc4 Bxc4 11. dxc4 Ng6 12. O-O O-O 13. a4 a6 14. a5 Ba7 15.
b4 Qe7 16. Nh2 Rfd8 17. Ng4 Nxg4 18. Qxg4 Qe6 19. Qxe6 fxe6 20. g3 Rf8 21. Kg2
Rf6 22. h4 Raf8 23. f3 Ne7 24. Bb3 Kf7 25. Ba3 Ke8 26. Rab1 Kd7 27. Ba4+ Kc8
28. Bd1 c5 29. b5 Bb8 30. Be2 Bc7 31. Rfd1 Rd8 32. b6 Bb8 33. Bc1 Kd7 34. Be3
Ke8 35. h5 Nc6 36. Ra1 Rf7 37. Rh1 Rfd7 38. Rh4 Kf7 39. Rg4 Rc8 40. f4 exf4 41.
gxf4 Ne7 42. Kh3 Rg8 43. Rag1 Nc6 44. Bd3 e5 45. Rf1 Ke8 46. f5 Kf7 47. f6 g5
48. hxg6+ Rxg6 49. Rxg6 Kxg6 50. Be2 Rf7 51. Rg1+ Kxf6 52. Bh5 Rg7 53. Rf1+ Ke7
54. Bxh6 Rh7 55. Bg5+ Kd7 56. Kg4 Nxa5 57. Rf8 Nxc4 58. Be8+ Ke6 59. Bg6 Ne3+
60. Bxe3 Rh2 61. Bf5+ Ke7 62. Rxb8 Re2 63. Kf3 Rc2 64. Bg5+ Kf7 65. Rxb7+ Kf8
66. Rc7 Rxc3+ 67. Ke2 Rc2+ 68. Kd3 Rb2 69. b7 c4+ 70. Kc3 Rb3+ 71. Kxc4 1-0

[Event "44. Torneo Villa de Mislata - A"]
[Site "Mislata ESP"]
[Date "2010.08.21"]
[Round "8.2"]
[White "Adell Corts, Francisco"]
[Black "Torres Sanchez, Jose"]
[Result "0-1"]
[WhiteElo "2212"]
[BlackElo "2318"]
[PlyCount "92"]
[EventDate "2010.08.16"]
[EventType "swiss"]
[EventRounds "9"]
[EventCountry "ESP"]
[Source "lmi"]
[SourceDate "2010.08.16"]

1. e4 c5 2. c3 d5 3. exd5 Qxd5 4. d4 g6 5. Nf3 Bg7 6. Be3 cxd4 7. Bxd4 Nf6 8.
c4 Qd8 9. Nc3 Nc6 10. Be3 O-O 11. Qxd8 Rxd8 12. h3 Nb4 13. Rc1 Bf5 14. Nd4 Nd3+
15. Bxd3 Bxd3 16. b3 Ne4 17. Nde2 Nxc3 18. Nxc3 a6 19. f3 b5 20. c5 f5 21. Kf2
Rac8 22. b4 h6 23. f4 Bc4 24. Rhd1 Rxd1 25. Nxd1 Bxa2 26. c6 Bc4 27. Bc5 Rxc6
28. Ne3 Bf7 29. Rd1 Bf6 30. g4 Be6 31. Rd8+ Kf7 32. Ra8 fxg4 33. hxg4 h5 34.
gxh5 gxh5 35. f5 Bb3 36. Ra7 Bg5 37. Kf3 Rh6 38. Ke4 Bc4 39. f6 Rxf6 40. Rxe7+
Kg6 41. Nd5 Bxd5+ 42. Kxd5 h4 43. Re8 h3 44. Bd6 Bf4 45. Bxf4 Rxf4 46. Re6+ Rf6
0-1

[Event "44. Torneo Villa de Mislata - A"]
[Site "Mislata ESP"]
[Date "2010.08.21"]
[Round "8.3"]
[White "Madero, Sergio"]
[Black "Silva Rodriguez, Fernando"]
[Result "1/2-1/2"]
[WhiteElo "2139"]
[BlackElo "2115"]
[PlyCount "140"]
[EventDate "2010.08.16"]
[EventType "swiss"]
[EventRounds "9"]
[EventCountry "ESP"]
[Source "lmi"]
[SourceDate "2010.08.16"]

1. d4 d6 2. Nf3 Nf6 3. g3 g6 4. Bg2 Bg7 5. O-O O-O 6. c4 c6 7. Nc3 Bf5 8. Re1
Ne4 9. Nd2 Nxc3 10. bxc3 Be6 11. e4 Na6 12. Rb1 Rb8 13. f4 Qa5 14. Qc2 b5 15.
Bf1 bxc4 16. Rxb8 Rxb8 17. Nf3 Bg4 18. Kg2 Bxf3+ 19. Kxf3 Bxd4 20. Bxc4 Bxc3
21. Re3 Bb4 22. a3 Bc5 23. Bd2 Qc7 24. Bxa6 Bxe3 25. Bxe3 c5 26. Bc4 e6 27. Qd3
Qc6 28. Bc1 Rd8 29. Bb5 Qb7 30. Ba6 Qc6 31. Qb5 Qxb5 32. Bxb5 Kf8 33. Ke2 Ke7
34. Kd3 d5 35. e5 Rb8 36. Ba4 h5 37. h4 Kd8 38. Be3 Rc8 39. Bd2 Ke7 40. Ba5 Kf8
41. Kc2 Ke7 42. Kd3 f6 43. Bc3 fxe5 44. Bxe5 Rd8 45. Bc2 Rd7 46. Kc3 Kf7 47.
Bd3 Rd8 48. Bb5 Ke7 49. a4 Rc8 50. a5 Rd8 51. a6 Rc8 52. Ba4 Rd8 53. Bc6 Rc8
54. Bb7 Rg8 55. Bc7 Kd7 56. Be5 Rf8 57. Kb3 Rd8 58. Ka4 Rg8 59. Kb5 c4 60. Kb4
Rd8 61. Kc3 Rf8 62. Bd4 Kc7 63. Bxa7 g5 64. hxg5 h4 65. Bc5 Rh8 66. Bd4 h3 67.
Be5+ Kb6 68. Bd4+ Kc7 69. Be5+ Kb6 70. Bd4+ Kc7 1/2-1/2

[Event "44. Torneo Villa de Mislata - A"]
[Site "Mislata ESP"]
[Date "2010.08.21"]
[Round "8.4"]
[White "Silva Rodriguez, Julio"]
[Black "Berrocal, Jorge"]
[Result "1/2-1/2"]
[WhiteElo "2126"]
[BlackElo "2293"]
[PlyCount "119"]
[EventDate "2010.08.16"]
[EventType "swiss"]
[EventRounds "9"]
[EventCountry "ESP"]
[Source "lmi"]
[SourceDate "2010.08.16"]

1. e4 e6 2. Nf3 d5 3. Nc3 Nf6 4. e5 Nfd7 5. d4 c5 6. dxc5 Nc6 7. Bf4 Bxc5 8.
Bd3 f6 9. exf6 Qxf6 10. Bg3 O-O 11. O-O Qh6 12. Qe2 Nf6 13. Ne5 Nh5 14. Kh1 Nf4
15. Bxf4 Rxf4 16. g3 Rf8 17. f4 Qf6 18. Rad1 Nxe5 19. fxe5 Qg5 20. Rxf8+ Bxf8
21. Qf3 Bd7 22. Rf1 Qe7 23. Ne2 g6 24. Nd4 Bg7 25. Qe2 Rd8 26. c3 a6 27. Re1
Rf8 28. Kg2 Rb8 29. a3 b5 30. Ra1 Qc5 31. Rc1 Bh6 32. Rc2 Rf8 33. Qg4 Qe7 34.
Qe2 Qg5 35. Nf3 Qd8 36. Nd4 Qc7 37. Nf3 Bg7 38. Qe3 a5 39. b4 Ra8 40. Qe2 axb4
41. cxb4 Qb6 42. Rc5 Bf8 43. Rc3 d4 44. Rb3 Bc6 45. Be4 Rd8 46. Rd3 Qb7 47.
Bxc6 Qxc6 48. Kh3 Bh6 49. Rxd4 Rf8 50. Rd3 Qc4 51. Qd1 Rf5 52. Rd8+ Bf8 53. Qd3
Qa2 54. Nh4 Rf2 55. Nf3 Qa1 56. Rxf8+ Kxf8 57. Qd8+ Kg7 58. Qf6+ Kg8 59. Qxe6+
Kg7 60. Qf6+ 1/2-1/2

[Event "44. Torneo Villa de Mislata - A"]
[Site "Mislata ESP"]
[Date "2010.08.21"]
[Round "8.5"]
[White "Montoliu Cervero, Francisco"]
[Black "Pena Riasco, Alexander"]
[Result "1-0"]
[WhiteElo "2153"]
[BlackElo "2255"]
[PlyCount "111"]
[EventDate "2010.08.16"]
[EventType "swiss"]
[EventRounds "9"]
[EventCountry "ESP"]
[Source "lmi"]
[SourceDate "2010.08.16"]

1. e4 c5 2. Nf3 d6 3. d4 cxd4 4. Nxd4 Nf6 5. Nc3 a6 6. Be3 e5 7. Nb3 Be6 8. f3
Nbd7 9. Qd2 b5 10. O-O-O Nb6 11. Bxb6 Qxb6 12. Kb1 Rd8 13. g4 h6 14. Nd5 Nxd5
15. exd5 Bd7 16. h4 Be7 17. Bd3 b4 18. Rde1 Kf8 19. Qe2 a5 20. f4 a4 21. Nd2
Qd4 22. fxe5 a3 23. Nc4 Bb5 24. Qe3 dxe5 25. Qxe5 Qxe5 26. Nxe5 Bxd3 27. Nxd3
Rxd5 28. Re4 axb2 29. Kxb2 g6 30. Nxb4 Rd6 31. a4 Bf6+ 32. Kb3 Kg7 33. a5 Rc8
34. Rc4 Rb8 35. Ka4 Re6 36. a6 Ra8 37. Rc7 Be7 38. a7 Bd8 39. Rb7 Re7 40. Rxe7
Bxe7 41. Nc6 Bc5 42. Kb5 Bxa7 43. Ra1 h5 44. gxh5 Rh8 45. Nxa7 Rxh5+ 46. Kb4
Rxh4+ 47. c4 f5 48. Kc3 g5 49. c5 g4 50. c6 Kf6 51. c7 Rh8 52. c8=Q Rxc8+ 53.
Nxc8 f4 54. Kd3 Kg5 55. Ke2 Kh4 56. Kf2 1-0

[Event "44. Torneo Villa de Mislata - A"]
[Site "Mislata ESP"]
[Date "2010.08.21"]
[Round "8.6"]
[White "Plaza Pardo, Daniel"]
[Black "Gonzalvez Perales, Jose Luis"]
[Result "1-0"]
[WhiteElo "2128"]
[BlackElo "2035"]
[PlyCount "58"]
[EventDate "2010.08.16"]
[EventType "swiss"]
[EventRounds "9"]
[EventCountry "ESP"]
[Source "lmi"]
[SourceDate "2010.08.16"]

1. e4 c6 2. d4 d5 3. e5 c5 4. dxc5 e6 5. Nf3 Bxc5 6. Bd3 Nc6 7. O-O f6 8. Qe2
fxe5 9. Nxe5 Nxe5 10. Qxe5 Nf6 11. Bb5+ Kf7 12. Bf4 Qb6 13. Qc7+ Qxc7 14. Bxc7
Ne4 15. Bd3 Bd6 16. Bxd6 Nxd6 17. f4 Rf8 18. Nd2 Kg8 19. c4 Bd7 20. Rae1 Rae8
21. g3 Bc6 22. b3 dxc4 23. Nxc4 Nxc4 24. Bxc4 Bd5 25. Bxd5 exd5 26. Rd1 Rd8 27.
Rfe1 Rf7 28. Rd4 Rfd7 29. Kf2 Kf7 1-0

[Event "44. Torneo Villa de Mislata - A"]
[Site "Mislata ESP"]
[Date "2010.08.21"]
[Round "8.7"]
[White "Ballester Llagaria, Luis Eduard"]
[Black "O`Neill y Daneiko, Jose Antonio"]
[Result "1-0"]
[WhiteElo "2056"]
[BlackElo "2102"]
[PlyCount "101"]
[EventDate "2010.08.16"]
[EventType "swiss"]
[EventRounds "9"]
[EventCountry "ESP"]
[Source "lmi"]
[SourceDate "2010.08.16"]

1. e4 e5 2. Nf3 Nc6 3. Bb5 a6 4. Ba4 Nf6 5. d3 b5 6. Bb3 Be7 7. Nbd2 d6 8. c3
O-O 9. O-O Na5 10. Bc2 c5 11. Re1 Re8 12. Nf1 h6 13. h3 Bf8 14. d4 Qc7 15. Ng3
g6 16. b3 Nc6 17. Be3 cxd4 18. cxd4 Nb4 19. Bd3 Qb7 20. Bb1 a5 21. Qd2 Kh7 22.
a3 Nc6 23. d5 Nb8 24. Rc1 Bd7 25. Bd3 Rc8 26. Rxc8 Bxc8 27. Rc1 Bd7 28. Ne1 Ne8
29. Ne2 b4 30. axb4 axb4 31. Nc2 Na6 32. Bxa6 Rxa6 33. Nxb4 Ra5 34. Nc6 Rb5 35.
Nd8 Qb8 36. Nxf7 g5 37. Bxg5 hxg5 38. Qxg5 Bg7 39. Qh5+ Kg8 40. Ng5 Nf6 41.
Qf7+ Kh8 42. Ng3 Be8 43. Qe6 Bd7 44. Qe7 Qf8 45. Qxd6 Qxd6 46. Nf7+ Kg8 47.
Nxd6 Rxb3 48. Rc7 Bh6 49. Ngf5 Bf4 50. g3 Bd2 51. Ne7+ 1-0

[Event "44. Torneo Villa de Mislata - A"]
[Site "Mislata ESP"]
[Date "2010.08.21"]
[Round "8.8"]
[White "Calvo Alfonso, Vicente"]
[Black "Montalban Galvez, Antonio"]
[Result "0-1"]
[WhiteElo "2208"]
[BlackElo "2197"]
[PlyCount "100"]
[EventDate "2010.08.16"]
[EventType "swiss"]
[EventRounds "9"]
[EventCountry "ESP"]
[Source "lmi"]
[SourceDate "2010.08.16"]

1. d4 Nf6 2. c4 g6 3. Nc3 Bg7 4. e4 d6 5. Nf3 O-O 6. Be2 e5 7. O-O Nc6 8. d5
Ne7 9. b4 a5 10. Ba3 axb4 11. Bxb4 Nd7 12. a4 Nc5 13. a5 Bd7 14. Bxc5 dxc5 15.
Qb3 Nc8 16. Qxb7 Nd6 17. Qb3 f5 18. Qa3 fxe4 19. Nd2 Bf5 20. Qxc5 Bh6 21. Rfd1
Qh4 22. Nf1 Bg4 23. Bxg4 Qxg4 24. Qxc7 Rf6 25. c5 Raf8 26. Ra2 Nb5 27. Nxb5
Qxd1 28. Qxe5 e3 29. f3 Bf4 30. Nc3 Qxf1+ 31. Kxf1 Bxe5 32. Ne4 Ra6 33. d6 Rfa8
34. f4 Bxf4 35. Ra4 Be5 36. Rc4 Rc6 37. Ra4 Kf7 38. Ke2 Ke6 39. Kxe3 Rca6 40.
Ng5+ Kd5 41. d7 Bc7 42. Rd4+ Kxc5 43. Nf7 Bd8 44. Re4 Rxa5 45. Re8 Kc6 46. Rxd8
Rxd8 47. Nxd8+ Kxd7 48. Nf7 Rh5 49. h3 Ke7 50. Nh8 Kf6 0-1

[Event "44. Torneo Villa de Mislata - A"]
[Site "Mislata ESP"]
[Date "2010.08.21"]
[Round "8.9"]
[White "Jordan Arenas, Manuel"]
[Black "Cabero Feliciano, Guillermo"]
[Result "1-0"]
[WhiteElo "2158"]
[BlackElo "2080"]
[PlyCount "113"]
[EventDate "2010.08.16"]
[EventType "swiss"]
[EventRounds "9"]
[EventCountry "ESP"]
[Source "lmi"]
[SourceDate "2010.08.16"]

1. e4 e5 2. Nf3 Nc6 3. Bb5 a6 4. Ba4 Nf6 5. O-O Nxe4 6. d4 b5 7. Bb3 d5 8. Nxe5
Nxe5 9. dxe5 c6 10. c3 Bc5 11. Nd2 Nxd2 12. Qxd2 Bf5 13. Qf4 Bg6 14. Re1 O-O
15. Be3 Qe7 16. Bd4 Rfe8 17. Re3 Ba7 18. Bxa7 Rxa7 19. Rae1 Qe6 20. Qd4 Rae7
21. h3 Qc8 22. a4 Qc7 23. Qg4 Qd7 24. Qxd7 Rxd7 25. axb5 axb5 26. Ra1 Kf8 27.
Ree1 f6 28. exf6 gxf6 29. Rxe8+ Kxe8 30. Ra6 Rc7 31. Kf1 Ke7 32. Ke2 Kd6 33.
Kd2 Re7 34. Bd1 Be4 35. f3 Bg6 36. Be2 Rg7 37. Bxb5 Be8 38. Bf1 Rb7 39. b4 Ke5
40. Ke3 Re7 41. Bd3 h6 42. f4+ Kd6+ 43. Kf2 Rg7 44. b5 Kc5 45. Ra8 Re7 46. bxc6
Bxc6 47. Rh8 d4 48. cxd4+ Kxd4 49. Bf5 Rg7 50. g4 Ra7 51. Rxh6 Ra3 52. Rxf6
Rf3+ 53. Ke2 Re3+ 54. Kd2 Bd5 55. Rd6 Rxh3 56. Be6 Rh2+ 57. Ke1 1-0

[Event "44. Torneo Villa de Mislata - A"]
[Site "Mislata ESP"]
[Date "2010.08.21"]
[Round "8.10"]
[White "Gimeno Martos, Roberto"]
[Black "Bas Mas, Jose Joaquin"]
[Result "1/2-1/2"]
[WhiteElo "2135"]
[BlackElo "2030"]
[PlyCount "55"]
[EventDate "2010.08.16"]
[EventType "swiss"]
[EventRounds "9"]
[EventCountry "ESP"]
[Source "lmi"]
[SourceDate "2010.08.16"]

1. e4 c5 2. Nc3 e6 3. g3 Nc6 4. Bg2 Nf6 5. d3 d5 6. f4 Be7 7. e5 Nd7 8. h4 d4
9. Ne4 Qc7 10. Nh3 Nb6 11. Qg4 Rg8 12. Nhg5 h6 13. Nh7 Nd5 14. c4 dxc3 15. bxc3
Bd7 16. Nhf6+ Bxf6 17. Nxf6+ Nxf6 18. exf6 g6 19. O-O O-O-O 20. Be3 Na5 21. Qe2
Bc6 22. Rab1 g5 23. d4 Bxg2 24. Kxg2 gxh4 25. g4 Qc6+ 26. Kh3 Qe4 27. Rb5 b6
28. Qf3 1/2-1/2

[Event "44. Torneo Villa de Mislata - A"]
[Site "Mislata ESP"]
[Date "2010.08.22"]
[Round "9.1"]
[White "Torres Sanchez, Jose"]
[Black "Castella Garcia, Fausto"]
[Result "1-0"]
[WhiteElo "2318"]
[BlackElo "2334"]
[PlyCount "83"]
[EventDate "2010.08.16"]
[EventType "swiss"]
[EventRounds "9"]
[EventCountry "ESP"]
[Source "lmi"]
[SourceDate "2010.08.16"]

1. e4 c5 2. Nf3 e6 3. d4 cxd4 4. Nxd4 a6 5. Bd3 Nc6 6. Nxc6 dxc6 7. O-O e5 8.
a4 Bc5 9. Qe2 Nf6 10. Be3 Qe7 11. Nd2 Bg4 12. f3 Be6 13. Bc4 Rd8 14. Bxe6 Bxe3+
15. Qxe3 Qxe6 16. Rfd1 O-O 17. Nb3 Rxd1+ 18. Rxd1 Qc4 19. Qc5 Qe2 20. Rf1 Re8
21. g3 Nd7 22. Qc3 Nb6 23. Nc5 Rd8 24. Rf2 Qc4 25. Qxe5 h6 26. a5 Rd1+ 27. Kg2
Nd5 28. exd5 Qxc5 29. Qb8+ Kh7 30. Qxb7 Rxd5 31. Qxa6 Qxa5 32. Qxc6 Rd1 33.
Qe4+ g6 34. b4 Qa1 35. c4 Rg1+ 36. Kh3 Qa7 37. Rd2 Qa1 38. Rd7 Qf6 39. Qd5 Kg8
40. c5 Rc1 41. Rd6 Qe7 42. Rxg6+ 1-0

[Event "44. Torneo Villa de Mislata - A"]
[Site "Mislata ESP"]
[Date "2010.08.22"]
[Round "9.2"]
[White "Chueca Forcen, Alberto"]
[Black "Plaza Pardo, Daniel"]
[Result "1-0"]
[WhiteElo "2280"]
[BlackElo "2128"]
[PlyCount "88"]
[EventDate "2010.08.16"]
[EventType "swiss"]
[EventRounds "9"]
[EventCountry "ESP"]
[Source "lmi"]
[SourceDate "2010.08.16"]

1. d4 Nf6 2. Bg5 e6 3. e4 h6 4. Bxf6 Qxf6 5. Nc3 Bb4 6. Qd2 d5 7. e5 Qd8 8. a3
Be7 9. Nf3 a6 10. Bd3 Bd7 11. O-O b6 12. Qf4 c5 13. Qg4 O-O 14. Rfe1 Nc6 15.
Rad1 Nxd4 16. Nxd4 cxd4 17. Ne2 f5 18. exf6 Rxf6 19. Ng3 e5 20. Bf5 Bxf5 21.
Nxf5 Qf8 22. Rxe5 Bd6 23. Nxd6 Qxd6 24. Qxd4 Raf8 25. Rd2 Kh8 26. h3 Rf4 27.
Rxd5 Qe6 28. Qe5 Qg6 29. Rd6 R4f6 30. Rxf6 Rxf6 31. Re2 Rd6 32. Qe8+ Kh7 33.
Qxg6+ Kxg6 34. f3 Kf5 35. Kf2 g5 36. g4+ Kg6 37. Kg3 h5 38. h4 hxg4 39. Kxg4
gxh4 40. Kxh4 Rc6 41. Kg4 Kf6 42. f4 Rc8 43. Rh2 Rg8+ 44. Kf3 Rg6 1-0

[Event "44. Torneo Villa de Mislata - A"]
[Site "Mislata ESP"]
[Date "2010.08.22"]
[Round "9.3"]
[White "Montoliu Cervero, Francisco"]
[Black "Madero, Sergio"]
[Result "1/2-1/2"]
[WhiteElo "2153"]
[BlackElo "2139"]
[PlyCount "49"]
[EventDate "2010.08.16"]
[EventType "swiss"]
[EventRounds "9"]
[EventCountry "ESP"]
[Source "lmi"]
[SourceDate "2010.08.16"]

1. e4 c6 2. d4 d5 3. Nc3 dxe4 4. Nxe4 Bf5 5. Ng3 Bg6 6. N1e2 Nf6 7. Nf4 e5 8.
Nxg6 hxg6 9. dxe5 Qa5+ 10. Bd2 Qxe5+ 11. Qe2 Nbd7 12. Bc3 Qxe2+ 13. Bxe2 Nd5
14. Bd2 N7f6 15. O-O O-O-O 16. Bf3 Bd6 17. Rfe1 Nb4 18. Bxb4 Bxb4 19. c3 Bd6
20. Rad1 Kc7 21. h3 Rhe8 22. Kf1 a6 23. Ne4 Nxe4 24. Rxe4 Rxe4 25. Bxe4 1/2-1/2

[Event "44. Torneo Villa de Mislata - A"]
[Site "Mislata ESP"]
[Date "2010.08.22"]
[Round "9.5"]
[White "Silva Rodriguez, Fernando"]
[Black "Silva Rodriguez, Julio"]
[Result "1/2-1/2"]
[WhiteElo "2115"]
[BlackElo "2126"]
[PlyCount "34"]
[EventDate "2010.08.16"]
[EventType "swiss"]
[EventRounds "9"]
[EventCountry "ESP"]
[Source "lmi"]
[SourceDate "2010.08.16"]

1. e4 e6 2. d4 d5 3. exd5 exd5 4. Bd3 Nf6 5. c3 Bd6 6. Nf3 O-O 7. O-O Bg4 8.
Bg5 Nbd7 9. Nbd2 c6 10. Qc2 h6 11. Bh4 Qc7 12. Bxf6 Nxf6 13. h3 Bxf3 14. Nxf3
Rfe8 15. Rfe1 Rxe1+ 16. Rxe1 Re8 17. Rxe8+ Nxe8 1/2-1/2

[Event "44. Torneo Villa de Mislata - A"]
[Site "Mislata ESP"]
[Date "2010.08.22"]
[Round "9.6"]
[White "Pena Riasco, Alexander"]
[Black "Jordan Arenas, Manuel"]
[Result "0-1"]
[WhiteElo "2255"]
[BlackElo "2158"]
[PlyCount "100"]
[EventDate "2010.08.16"]
[EventType "swiss"]
[EventRounds "9"]
[EventCountry "ESP"]
[Source "lmi"]
[SourceDate "2010.08.16"]

1. e4 e5 2. Nf3 Nc6 3. Bc4 Bc5 4. O-O Nf6 5. d3 d6 6. c3 a6 7. a4 O-O 8. Bg5 h6
9. Bh4 g5 10. Bg3 a5 11. Nbd2 Be6 12. Re1 Qd7 13. Qb3 Nh5 14. Nf1 Bxc4 15. Qxc4
Qe6 16. N3d2 Qxc4 17. Nxc4 f5 18. exf5 Rxf5 19. Nfe3 Rf7 20. Nd2 Raf8 21. Ne4
Ba7 22. Re2 Ne7 23. b4 axb4 24. cxb4 Nc6 25. Rb1 Nd4 26. Rd2 Ne6 27. a5 Bd4 28.
b5 Nhf4 29. Bxf4 Nxf4 30. Nd1 d5 31. Nec3 g4 32. Ne2 Nxe2+ 33. Rxe2 h5 34. a6
bxa6 35. bxa6 Ra8 36. Ne3 c6 37. Ra2 Rfa7 38. Nc2 Rxa6 39. Rxa6 Rxa6 40. Nxd4
exd4 41. Rc1 Ra3 42. Rd1 Kf7 43. Kf1 Ke6 44. Ke2 Ra2+ 45. Ke1 c5 46. Rc1 Kd6
47. Rb1 c4 48. dxc4 dxc4 49. Rb5 d3 50. Rxh5 c3 0-1

[Event "44. Torneo Villa de Mislata - A"]
[Site "Mislata ESP"]
[Date "2010.08.22"]
[Round "9.7"]
[White "Montalban Galvez, Antonio"]
[Black "Adell Corts, Francisco"]
[Result "1/2-1/2"]
[WhiteElo "2197"]
[BlackElo "2212"]
[PlyCount "94"]
[EventDate "2010.08.16"]
[EventType "swiss"]
[EventRounds "9"]
[EventCountry "ESP"]
[Source "lmi"]
[SourceDate "2010.08.16"]

1. Nf3 f5 2. c4 Nf6 3. g3 g6 4. Bg2 d6 5. d4 Bg7 6. O-O O-O 7. Nc3 Nc6 8. d5
Ne5 9. Nxe5 dxe5 10. b4 e6 11. Bb2 e4 12. Qb3 Qe7 13. f3 exf3 14. exf3 f4 15.
Rae1 Qf7 16. Rf2 exd5 17. cxd5 Bd7 18. Ne4 Rae8 19. Rd2 Kh8 20. Ree2 h6 21. Qd1
Nxe4 22. Rxe4 Rxe4 23. fxe4 f3 24. Bxg7+ Qxg7 25. Bxf3 Qc3 26. Rd3 Qxb4 27. Kg2
Qd6 28. Qd2 Kh7 29. Rb3 Qa6 30. Rc3 Rf7 31. Qe2 Bb5 32. Qc2 Bf1+ 33. Kg1 Bh3
34. Qe2 Qb6+ 35. Re3 Qb1+ 36. Kf2 Qh1 37. e5 Qxh2+ 38. Ke1 Qxg3+ 39. Kd2 Qf4
40. Qd3 Qb4+ 41. Qc3 Qxc3+ 42. Kxc3 Bf5 43. Kd4 Re7 44. Ra3 a6 45. d6 cxd6 46.
exd6 Rd7 47. Ke5 Kg8 1/2-1/2

[Event "44. Torneo Villa de Mislata - A"]
[Site "Mislata ESP"]
[Date "2010.08.22"]
[Round "9.8"]
[White "Navarrete Espi, Samuel"]
[Black "Calvo Alfonso, Vicente"]
[Result "1-0"]
[WhiteElo "2057"]
[BlackElo "2208"]
[PlyCount "21"]
[EventDate "2010.08.16"]
[EventType "swiss"]
[EventRounds "9"]
[EventCountry "ESP"]
[Source "lmi"]
[SourceDate "2010.08.16"]

1. e4 c5 2. Nf3 e6 3. d4 cxd4 4. Nxd4 Nf6 5. Nc3 Bb4 6. Bd3 e5 7. Nf5 O-O 8.
O-O d5 9. Nxd5 Nxd5 10. exd5 Qxd5 11. Ne7+ 1-0

[Event "44. Torneo Villa de Mislata - A"]
[Site "Mislata ESP"]
[Date "2010.08.22"]
[Round "9.9"]
[White "Aranda Flores, Jordi"]
[Black "Crecente Penalba, Jose Manuel"]
[Result "1/2-1/2"]
[WhiteElo "2140"]
[BlackElo "2134"]
[PlyCount "21"]
[EventDate "2010.08.16"]
[EventType "swiss"]
[EventRounds "9"]
[EventCountry "ESP"]
[Source "lmi"]
[SourceDate "2010.08.16"]

1. d4 Nf6 2. c4 e6 3. Nf3 b6 4. g3 Bb7 5. Bg2 Bb4+ 6. Bd2 Qe7 7. O-O O-O 8. Bg5
h6 9. Bxf6 Qxf6 10. a3 Be7 11. Nc3 1/2-1/2

[Event "44. Torneo Villa de Mislata - A"]
[Site "Mislata ESP"]
[Date "2010.08.22"]
[Round "9.10"]
[White "Gonzalvez Perales, Jose Luis"]
[Black "Gimeno Martos, Roberto"]
[Result "0-1"]
[WhiteElo "2035"]
[BlackElo "2135"]
[PlyCount "70"]
[EventDate "2010.08.16"]
[EventType "swiss"]
[EventRounds "9"]
[EventCountry "ESP"]
[Source "lmi"]
[SourceDate "2010.08.16"]

1. e4 g6 2. Nf3 Bg7 3. d4 d6 4. Be2 Nf6 5. Nc3 O-O 6. O-O c6 7. Bg5 Qc7 8. Nd2
e5 9. d5 h6 10. Bxf6 Bxf6 11. Bg4 Nd7 12. a4 Be7 13. Nc4 f5 14. Bh3 Nf6 15. Qd2
Kg7 16. exf5 gxf5 17. f4 cxd5 18. Nxd5 Qc5+ 19. Nde3 Be6 20. b4 Qc7 21. Na3 Ne4
22. Qd3 exf4 23. Nxf5+ Bxf5 24. Bxf5 Qb6+ 25. Kh1 Nf2+ 26. Rxf2 Qxf2 27. Bg4
Qe3 28. Qc4 Bf6 29. Rd1 Qxa3 30. Qxf4 Rae8 31. Bh5 Qe3 32. Qg4+ Qg5 33. Qf3 Be5
34. Qh3 Re7 35. g4 Qf4 0-1